| 000 | 01661nam a22004097a 4500 | ||
|---|---|---|---|
| 003 | CHAP | ||
| 005 | 20220329133236.0 | ||
| 008 | 971013s1982 r 00010 d | ||
| 010 | _a3819 | ||
| 011 | _a4791 | ||
| 035 | _a3995 | ||
| 040 | _cCHAP | ||
| 082 |
_a317.2 M4 S.L _bP. |
||
| 110 |
_aMéxico. Coordinación General de los Servicios Nacionales de Estadística, Geografía e Informática _976893 |
||
| 245 | _aManual de estadísticas básicas del estado de San Luis Potosí | ||
| 260 |
_aMéxico, D. F., _c1982 |
||
| 300 | _a2 v. | ||
| 500 | _ac.c. Anuario estadístico de San Luis Potosi | ||
| 500 | _aD51-146 | ||
| 590 |
_aBATCH-UPD _b10 _c20130110 _lUCH01 _h0048 |
||
| 590 |
_aBATCH-UPD _b10 _c20130110 _lUCH01 _h0855 |
||
| 590 |
_aBATCH-UPD _b10 _c20130409 _lUCH01 _h2035 |
||
| 590 |
_aBATCH-UPD _b10 _c20130410 _lUCH01 _h0526 |
||
| 590 |
_aBATCH-UPD _b10 _c20130913 _lUCH01 _h2042 |
||
| 590 |
_aCONVERSION _b10 _c20130109 _lUCH01 _h1303 |
||
| 650 | 1 | 4 |
_aAgricultura _xEstadísticas _zSan Luis Potosí. _91465 |
| 650 | 1 | 4 |
_aGanadería _xEstadísticas _zSan Luis Potosí. _944724 |
| 650 | 1 | 4 |
_aSan Luis Potosí _xEstadísticas. _9101968 |
| 901 | _aBK | ||
| 942 | _cLIBRO | ||
| 949 |
_a317.2 M4 S.L.P. _bBC _cC _d33724000280111 _eC _fv.2 c.3 _h61848 _i3995 _si |
||
| 949 |
_a317.2 M4 S.L.P. _bBC _cC _d33724000280236 _eC _fv.2 _h61526 _i3995 _si |
||
| 949 |
_a317.2 M4 S.L.P. _bBC _cC _d33724000280244 _eC _fv.1 _h61525 _i3995 _si |
||
| 949 |
_a317.2 M4 S.L.P. _bBC _cC _d33724000280434 _eC _fv.1 c.3 _h61847 _i3995 _si |
||
| 949 |
_a317.2 M4 S.L.P. _bBC _cC _d33724000464335 _eC _fv.1 c.2 _h61527 _i3995 _si |
||
| 949 |
_a317.2 M4 S.L.P. _bBC _cC _d33724000464384 _eC _fv.2 c.2 _h61528 _i3995 _si |
||
| 999 |
_c3819 _d3819 |
||